000 00466nam a2200157Ia 4500
008 220216s9999 xx 000 0 und d
100 _aRahman M M
245 3 _aAn Efficient regression strategy for extracting forest biomass information from satellite sensor data
260 _bInternational Journal of Remote Sensing
_c2005
300 _a1511-1519
650 _aForest biomass
700 _aCsaplovics E
700 _aKoch B
856 _uCAB CD
942 _cJS
999 _c54122
_d54122